Encyclopedia of teacher education : (Record no. 136382)

MARC details
000 -LEADER
fixed length control field 00671nam a22002057a 4500
010 ## - LIBRARY OF CONGRESS CONTROL NUMBER
LC control number B-216352
020 ## - INTERNATIONAL STANDARD BOOK NUMBER
International Standard Book Number 9788131300527
Terms of availability 1295(Set)
035 ## - SYSTEM CONTROL NUMBER
System control number B-216352
037 ## - SOURCE OF ACQUISITION
Source of stock number/acquisition Cen Lib / Ret
040 ## - CATALOGING SOURCE
Original cataloging agency DPL
Language of cataloging EN
082 ## - DEWEY DECIMAL CLASSIFICATION NUMBER
Classification number 370.71
Item number BAN
100 ## - MAIN ENTRY--PERSONAL NAME
Personal name Bansal, Harish
245 ## - TITLE STATEMENT
Title Encyclopedia of teacher education :
Remainder of title modern methods of teacher training /
Statement of responsibility, etc by Harish Bansal
260 ## - PUBLICATION, DISTRIBUTION, ETC. (IMPRINT)
Place of publication, distribution, etc New Delhi
Name of publisher, distributor, etc APH Publishing Corporation
Date of publication, distribution, etc 2007
270 ## - ADDRESS
Address Ansari Road, Darya Ganj
City New Delhi
Postal code 110002
300 ## - PHYSICAL DESCRIPTION
Extent 2. v (v1. 283 ; v 2. 285)
650 ## - SUBJECT ADDED ENTRY--TOPICAL TERM
Topical term or geographic name as entry element Teachers -- Training of.
650 ## - SUBJECT ADDED ENTRY--TOPICAL TERM
Topical term or geographic name as entry element Educational innovations.
942 ## - ADDED ENTRY ELEMENTS (KOHA)
Source of classification or shelving scheme Dewey Decimal Classification
Koha item type English Books
Classification part 370.71
Call number suffix BAN
Holdings
Withdrawn status Lost status Materials specified (bound volume or other part) Damaged status Not for loan Collection code Home library Current library Date acquired Source of acquisition Cost, normal purchase price Total Checkouts Full call number Barcode Date last seen Copy number Cost, replacement price Price effective from Koha item type Source of classification or shelving scheme
    v. 2   Not For Loan Reference Central Library Central Library 29/02/2016 Cen Lib/Ret 1295.00   370.71 BAN B-216357 29/02/2016 2 1295.00 27/07/2016 English Books  
    v. 1   Not For Loan Reference Central Library Central Library 29/02/2016 Cen Lib/Ret 1295.00   370.71 BAN B-216352 29/02/2016 1 1295.00 29/02/2016 English Books  
          Non-fiction Sarojini Nagar Sarojini Nagar 14/09/2018       370.71 BAN B-216354 14/09/2018     14/09/2018 English Books Dewey Decimal Classification
          Non-fiction Sarojini Nagar Sarojini Nagar 14/10/2018       370.71 BAN B-216359 14/10/2018     14/10/2018 English Books Dewey Decimal Classification

© Delhi Public Library
Hit Counter
free hit counter